10両編成以上が運行される路線 - Statistics

General Stats
  • This quiz has been taken 236 times
    227 since last reset
  • The average score is 68 of 92
Answer Stats
両数 路線 % Correct
17両編成 東北新幹線 東京ー新青森
98%
16両編成 東海道新幹線 東京ー新大阪
98%
12両編成 東北新幹線 東京ー大宮(上越新幹線系統)
98%
東北新幹線 東京ー新青森
98%
山陽新幹線 新大阪ー博多
96%
15両編成 東海道本線 東京ー熱海東京ー大船(横須賀線系統)
95%
14両編成 東海道本線 東京ー熱海(湘南・踊り子) 東京ー神戸(サンライズ出雲・瀬戸)
95%
東海道本線 米原ー神戸
95%
東海道本線 東京ー品川(山手線系統)東京ー大船(横須賀線系統)
95%
東海道本線 東京ー沼津西大井ー大船(湘南新宿ライン) 東京ー横浜(京浜東北線系統) 米原ー神戸
95%
中央本線 東京ー大月東京ー塩尻(あずさ)
93%
中央本線 御茶ノ水ー三鷹(中央・総武緩行線系統)
93%
常磐線 日暮里ー土浦
92%
常磐線 日暮里ー草野日暮里ー岩沼(ひたち・ときわ)
92%
東北本線 東京ー宇都宮東京ー日暮里(常磐線系統) 岩沼ー仙台(ひたち)
90%
高崎線 大宮ー籠原
90%
総武本線 東京ー成東
90%
山手線 池袋ー大崎(湘南新宿ライン)
90%
11両編成 山手線 田端ー品川
90%
東北本線 東京ー田端(山手線系統)
90%
総武本線 東京ー成東
90%
東北本線 東京ー宇都宮東京ー大宮(京浜東北線系統) 赤羽ー大宮(埼京線系統) 東京ー日暮里(常磐線系統)
90%
高崎線 大宮ー高崎
90%
山手線 池袋ー大崎(埼京線系統・湘南新宿ライン)
90%
総武本線 御茶ノ水ー千葉(中央・総武緩行線系統)
90%
北陸新幹線 高崎ー敦賀
89%
横須賀線 大船ー逗子
87%
山陽本線 神戸ー岡山(サンライズ出雲・瀬戸)
87%
上越新幹線 大宮ー新潟
87%
山陽本線 神戸ー網干
87%
横須賀線 大船ー久里浜
87%
横須賀線 横浜ー逗子(湘南新宿ライン)
87%
山陽本線 神戸ー姫路
87%
京葉線 東京ー蘇我
84%
内房線 蘇我ー君津
80%
外房線 千葉ー上総一ノ宮
80%
内房線 蘇我ー君津
80%
外房線 千葉ー上総一ノ宮
80%
内房線 蘇我ー君津
80%
外房線 千葉ー上総一ノ宮
80%
西武新宿線 西武新宿ー本川越
80%
京急本線 品川ー金沢文庫
79%
成田線 佐倉ー成田空港
78%
成田線 佐倉ー成田空港
78%
成田線 我孫子ー成田
78%
東急東横線 渋谷ー横浜
78%
東武伊勢崎線 押上ー久喜
76%
西武池袋線 池袋ー吾野
75%
東急田園都市線 渋谷ー中央林間
74%
京王線 新宿ー京王八王子
73%
東京地下鉄有楽町線 和光市ー新木場
73%
東京地下鉄副都心線 和光市ー渋谷
73%
東武東上本線 池袋ー小川町
73%
小田急小田原線 新宿ー小田原
72%
東京地下鉄千代田線 代々木上原ー北綾瀬
72%
10両編成 北海道新幹線 新青森ー新函館北斗
71%
東京地下鉄東西線 中野ー西船橋
71%
湖西線 近江今津ー山科
70%
東京地下鉄半蔵門線 渋谷ー押上
70%
東武日光線 東武動物公園ー南栗橋
68%
相鉄本線 横浜ー海老名
67%
小田急江ノ島線 相模大野ー片瀬江ノ島
66%
青梅線 立川ー青梅
65%
青梅線 立川ー青梅
65%
小田急多摩線 新百合ヶ丘ー唐木田
65%
両毛線 新前橋ー前橋
63%
京王高尾線 北野ー高尾山口
63%
京王相模原線 調布ー橋本
63%
東急新横浜線 日吉ー新横浜
63%
上越線 高崎ー新前橋
62%
近鉄奈良線 布施ー近鉄奈良
62%
根岸線 横浜ー大船
61%
赤羽線 池袋ー赤羽
61%
相鉄いずみ野線 二俣川ー湘南台
61%
近鉄大阪線 布施ー大阪上本町(奈良線系統)
60%
川越線 大宮ー川越
59%
相鉄新横浜線 西谷ー新横浜
59%
西武有楽町線 小竹向原ー練馬
59%
西武拝島線 小平ー拝島
58%
大阪メトロ御堂筋線 江坂ー中百舌鳥
58%
西武秩父線 吾野ー西武秩父
57%
伊東線 熱海ー伊東
56%
横浜高速鉄道みなとみらい線 横浜ー元町・中華街
50%
篠ノ井線 塩尻ー松本(あずさ)
46%
西武狭山線 西所沢ー西武球場前
43%
近鉄難波線 大阪上本町ー大阪難波
43%
北大阪急行南北線 江坂ー箕面萱野
42%
都営新宿線 新宿ー本八幡
39%
東京臨海高速鉄道りんかい線 大崎ー新木場
36%
阪神なんば線 大阪難波ー尼崎
34%
東葉高速鉄道線 西船橋ー東葉勝田台
33%
13両編成 黒部峡谷鉄道線 宇奈月ー欅平
14%
No matching quizzes found
Score Distribution
Percent of People with Each Score
Percentile by Number Answered
Your Score History
You have not taken this quiz since the last reset